La Universidad Católica del Norte y los 50 años del golpe militar.

Saved in:
Bibliographic Details
Main Author: González Pizarro, José Antonio (autor)
Format: Book
Published: Antofagasta, Chile: Ediciones Universitarias Universidad Católica del Norte, 2023.
Series:Colección Iglesia Mundo
Subjects:
Tags: Add Tag
No Tags, Be the first to tag this record!

MARC

LEADER 00000nam a22000007a 4500
003 CL-VaPUC
005 20240102114802.0
008 231206t2023 ||||| |||| 00| 0 eng d
999 |c 442697  |d 442695 
020 |a 978-956-287-483-0 
040 |c Pontificia Universidad Católica de Valparaíso 
082 0 4 |2 22  |a 378.83 GON 2023 
100 1 |a González Pizarro, José Antonio  |9 594871  |e autor 
245 1 3 |a La Universidad Católica del Norte y los 50 años del golpe militar. 
260 |a Antofagasta, Chile:   |b Ediciones Universitarias Universidad Católica del Norte,  |c 2023. 
300 |a 253 páginas:  |b fotografías. 
490 0 |a Colección Iglesia Mundo 
500 |a c.1-5. Donación Pastoral Universidad Católica del Norte. 4-12-2023 
583 |c 20231206  |k Catalogador Asistente 
610 |a Universidad Católica del Norte   |9 886526 
650 1 |a Universidades chilenas  |x Historia  |9 886527 
650 1 |a Dictadura militar   |z Chile  |y 1973-1990  |9 877133 
650 1 |a Dictadura militar   |x Víctimas  |y 1973-1990  |9 886528 
650 1 |a Personas desaparecidas  |z Chile  |y 1973-1990  |9 886529 
650 1 |a Estudiantes universitarios  |z Chile  |y 1973-1990  |9 886530 
650 1 |a Profesores universitarios  |z Chile  |y 1973-1990  |9 886531 
942 |2 ddc  |c BK 
952 |0 0  |1 0  |2 ddc  |4 0  |6 378_830000000000000_GON_2023  |7 0  |8 A  |9 592773  |a BIBHIS  |b BIBHIS  |c GEN  |d 2023-12-06  |e Donación  |i 5659751  |o 378.83 GON 2023  |p 5659751  |r 2025-01-20  |t 1  |w 2023-12-06  |y BK  |k HIS 
952 |0 0  |1 0  |2 ddc  |4 0  |6 378_830000000000000_GON_2023  |7 0  |8 A  |9 592774  |a BIBHIS  |b BIBHIS  |c GEN  |d 2023-12-06  |e Donación  |i 5659752  |o 378.83 GON 2023  |p 5659752  |r 2025-01-20  |t 2  |w 2023-12-06  |y BK  |k HIS 
952 |0 0  |1 0  |2 ddc  |4 0  |6 378_830000000000000_GON_2023  |7 0  |8 A  |9 592775  |a BIBTEO  |b BIBTEO  |c GEN  |d 2023-12-06  |e Donación  |i 5659753  |o 378.83 GON 2023  |p 5659753  |r 2025-01-17  |t 3  |w 2023-12-06  |y BK  |k ICR 
952 |0 0  |1 0  |2 ddc  |4 0  |6 378_830000000000000_GON_2023  |7 0  |8 A  |9 592776  |a BIBTEO  |b BIBTEO  |c GEN  |d 2023-12-06  |e Donación  |i 5659754  |o 378.83 GON 2023  |p 5659754  |r 2025-01-17  |t 4  |w 2023-12-06  |y BK  |k ICR